<?xml version="1.0" encoding="UTF-8"?>
<record
    xmlns:xsi="http://www.w3.org/2001/XMLSchema-instance"
    xsi:schemaLocation="http://www.loc.gov/MARC21/slim http://www.loc.gov/standards/marcxml/schema/MARC21slim.xsd"
    xmlns="http://www.loc.gov/MARC21/slim">

  <leader>01508nam a22003137a 4500</leader>
  <controlfield tag="003">KOHA_M&#x130;RAKIL</controlfield>
  <controlfield tag="005">20260428083047.0</controlfield>
  <controlfield tag="008">260427b        tu ||||| |||| 00| 0 tur d</controlfield>
  <datafield tag="020" ind1=" " ind2=" ">
    <subfield code="a">9786057070234</subfield>
  </datafield>
  <datafield tag="040" ind1=" " ind2=" ">
    <subfield code="a">TR-AnABB</subfield>
    <subfield code="b">tur</subfield>
    <subfield code="c">TR-AnABB</subfield>
  </datafield>
  <datafield tag="041" ind1=" " ind2=" ">
    <subfield code="a">tur</subfield>
  </datafield>
  <datafield tag="082" ind1=" " ind2=" ">
    <subfield code="a">364.106 095 61</subfield>
    <subfield code="b">SIK 2021</subfield>
  </datafield>
  <datafield tag="100" ind1="1" ind2=" ">
    <subfield code="a">&#x15E;&#x131;k, Ahmet</subfield>
  </datafield>
  <datafield tag="245" ind1="1" ind2="0">
    <subfield code="a">Duvar :</subfield>
    <subfield code="b">Sedat Peker'in itiraf, if&#x15F;aat ve iddialar&#x131;na ili&#x15F;kin T&#xFC;rkiye &#x130;&#x15F;&#xE7;i Partisi ara&#x15F;t&#x131;rma raporu /</subfield>
    <subfield code="c">Ahmet &#x15E;&#x131;k, Bahad&#x131;r &#xD6;zg&#xFC;r, Ertu&#x11F;rul Mavio&#x11F;lu, Hakk&#x131; &#xD6;zdal, Timur Soykan</subfield>
  </datafield>
  <datafield tag="246" ind1=" " ind2=" ">
    <subfield code="a">Duvar</subfield>
  </datafield>
  <datafield tag="250" ind1=" " ind2=" ">
    <subfield code="a">2. bas&#x131;m</subfield>
  </datafield>
  <datafield tag="260" ind1=" " ind2=" ">
    <subfield code="a">&#x130;stanbul :</subfield>
    <subfield code="b">&#x130;leri Kitapl&#x131;&#x11F;&#x131; Yay&#x131;nevi,</subfield>
    <subfield code="c">2021</subfield>
  </datafield>
  <datafield tag="300" ind1=" " ind2=" ">
    <subfield code="a">517 sayfa ;</subfield>
    <subfield code="c">20 cm</subfield>
  </datafield>
  <datafield tag="490" ind1="0" ind2=" ">
    <subfield code="a">&#x130;leri Kitapl&#x131;&#x11F;&#x131; Yay&#x131;nevi ; </subfield>
    <subfield code="v">11</subfield>
  </datafield>
  <datafield tag="500" ind1=" " ind2=" ">
    <subfield code="a">Dizin vard&#x131;r.</subfield>
  </datafield>
  <datafield tag="505" ind1=" " ind2=" ">
    <subfield code="a">&#x130;&#xE7;indekiler: Duvar - Tu&#x11F;lay&#x131; &#xC7;ekme Zaman&#x131; - Devletin Karanl&#x131;k Y&#xDC;zleri - Derin Devletin pikesi - Bir babas&#x131;n&#x131;n o&#x11F;lu daha: S&#xFC;leyman Soylu - Devletin bah&#xE7;esinde yeti&#x15F;en mafya - Adal&#x131; suikast&#x131; y&#x131;llar sonra if&#x15F;a oldu - Devlet: Uyu&#x15F;turucu ticaretinin ola&#x11F;an &#x15F;&#xFC;phelisi - T&#xFC;rkiye kara paran&#x131;n &#xE7;ama&#x15F;&#x131;rhanesi - Avrupa'ya uzanan mafyatik ili&#x15F;kiler - AKP Suriye'de cihatta - Peker: Metin K&#xFC;l&#xFC;nk d&#x131;&#x15F;&#x131;ndaki siyasilere de para verdim</subfield>
  </datafield>
  <datafield tag="650" ind1="0" ind2="4">
    <subfield code="a">Organize su&#xE7;lar, T&#xFC;rkiye</subfield>
  </datafield>
  <datafield tag="700" ind1="1" ind2=" ">
    <subfield code="a">&#xD6;zg&#xFC;r, Bahad&#x131;r</subfield>
    <subfield code="9">3588</subfield>
  </datafield>
  <datafield tag="700" ind1="1" ind2=" ">
    <subfield code="a">Mavio&#x11F;lu, Ertu&#x11F;rul</subfield>
    <subfield code="9">3589</subfield>
  </datafield>
  <datafield tag="700" ind1="1" ind2=" ">
    <subfield code="a">&#xD6;zdal, Hakk&#x131;</subfield>
    <subfield code="9">3590</subfield>
  </datafield>
  <datafield tag="700" ind1="1" ind2=" ">
    <subfield code="a">Soykan, Timur</subfield>
    <subfield code="9">3591</subfield>
  </datafield>
  <datafield tag="900" ind1=" " ind2=" ">
    <subfield code="b">Can &#xC7;ELIK</subfield>
  </datafield>
  <datafield tag="942" ind1=" " ind2=" ">
    <subfield code="2">ddc</subfield>
    <subfield code="c">BK</subfield>
  </datafield>
  <datafield tag="952" ind1=" " ind2=" ">
    <subfield code="0">0</subfield>
    <subfield code="1">0</subfield>
    <subfield code="2">ddc</subfield>
    <subfield code="7">0</subfield>
    <subfield code="a">RUK</subfield>
    <subfield code="b">RUK</subfield>
    <subfield code="d">2026-04-27</subfield>
    <subfield code="l">0</subfield>
    <subfield code="o">364.106 095 61 SIK 2021</subfield>
    <subfield code="p">RK7246</subfield>
    <subfield code="r">2026-04-27 07:53:07</subfield>
    <subfield code="w">2026-04-27</subfield>
    <subfield code="y">BK</subfield>
  </datafield>
  <datafield tag="999" ind1=" " ind2=" ">
    <subfield code="c">10340</subfield>
    <subfield code="d">10340</subfield>
  </datafield>
</record>
